| 000 | 00957nam0a22002651 4500 | ||
|---|---|---|---|
| 001 | rc\3664967 | ||
| 005 | 20260407071035.0 | ||
| 035 | _a(NLR Aleph) 007742220 | ||
| 090 |
_a7171843 _c7171843 |
||
| 100 | _a20130115d1969 |||y0rusy50 ca | ||
| 101 | 0 | _arus | |
| 102 | _aRU | ||
| 105 | _aac z |||a| | ||
| 200 | 1 |
_aСтихотворения _e[Перевод] _fАвт. вступ. статьи Петрусь Бровка _gХудож. Н. Гутиев |
|
| 210 |
_aМинск _cБеларусь _d1969 |
||
| 215 |
_a106 с. _cил., портр. _d5 |
||
| 309 | _aВлож. с др. кн. в футляр | ||
| 700 | 1 |
_8bel _7ca _aКупала _bЯ. _f1882-1942 _gЯнка _3RU\NLR\AUTH\7746206 _929141 |
|
| 702 | 1 |
_4080 _7ca _8rus _aБровка _bП. _f1905-1980 _gПетрусь _3RU\NLR\AUTH\770243169 _9243113 |
|
| 702 | 1 |
_aГутиев _bН. _4440 |
|
| 801 | 0 |
_aRU _bNLR _gpsbo |
|
| 801 | 1 |
_aRU _bELAR _2rusmarc |
|
| 852 |
_aNLR _jЛ40 Г-0/93 |
||
| 942 | _cBOOK | ||
| 980 | _aNB | ||